ENGLISH GRAMMAR COMPOSITION AND CORRESPONDENCE (Record no. 129504)

MARC details
000 -LEADER
fixed length control field 00322pam a2200121 a 4500
020 ## - INTERNATIONAL STANDARD BOOK NUMBER
International Standard Book Number 0-304-29604-X
Terms of availability
041 ## - LANGUAGE CODE
Language code of original
082 ## - DEWEY DECIMAL CLASSIFICATION NUMBER
Classification number 423
Item number PIN/THO
100 ## - MAIN ENTRY--PERSONAL NAME
Personal name PINK M. A.,THOMOS S. E.,
245 ## - TITLE STATEMENT
Title ENGLISH GRAMMAR COMPOSITION AND CORRESPONDENCE
Medium Textual Documents
260 ## - PUBLICATION, DISTRIBUTION, ETC.
Place of publication, distribution, etc. LONDON
Name of publisher, distributor, etc. CASSELL LTD
Date of publication, distribution, etc. 1970
930 ## - EQUIVALENCE OR CROSS-REFERENCE-UNIFORM TITLE HEADING [LOCAL, CANADA]
Uniform title 10051
Holdings
Withdrawn status Lost status Damaged status Not for loan Collection Home library Current library Date acquired Total Checkouts Full call number Barcode Date last seen Copy number Price effective from Koha item type
          Institute of Management & Entrepreneurship Development, Pune Institute of Management & Entrepreneurship Development, Pune 19/04/2011   423 PIN/THO IMP-IM-8419 01/03/2023 1 01/03/2023 Book